01210nam a2200265 i 4500003000900000005001700009007000300026008004100029040003000070082002200100110005100122245019100173264009000364300004500454336002700499337003300526338002800559504004500587590002700632710009600659710002500755942001400780952013300794999001700927DO-SdBNP20250129132421.0ta231127e1994 dr a|||| |||| 00| 0 spa d aDO-SdBNPbspacBNPHUerda 4a371.146bU58p2221 aUniversidad Autónoma de Santo Domingo97295110aPrograma nacional de capacitación de los maestros de la educación básica : bmaterial de apoyo del área de lengua española, matemática, ciencias sociales, ciencias naturales  1aSanto Domingo :bBM :bDepartamento de Pedagogía, Facultad de Humanidades,c[1994]. a291 páginas :bIlustraciones ;c27 cm. atextobtxt2rdacontent asin mediaciónbn2rdamedia avolumenbnc2rdacarrier aBibliografía : páginas 25 - 62 - 96. aInventariado 2023 / MF aRepública DominicanabSecretaría de Estado de Educación, Bellas Artes y Cultos9575022 aBanco Mundial932071 2ddccLBS1 00102ddc51708PDaBNPHUbBNPHUcCTd2014-12-27eDonaciónl0oBNPHU PD 371.146 U58pp2023-8038r2023-11-27w2023-11-27yLBS1 c55590d55590